[Event "Figueres Mas op-B 23rd"]
[Site "Figueres"]
[Date "2022.08.17"]
[Round "8"]
[White "Casadevall Mainau, Iraida"]
[Black "Rodriguez Rejano, Jose Jesus"]
[Result "1-0"]
[WhiteElo "1169"]
[BlackElo "1336"]
[PlyCount "28"]
[EventDate "2022.08.11"]
[EventType "swiss"]
[EventRounds "9"]
[EventCountry "ESP"]
[SourceTitle "EXT 2023"]
[Source "ChessBase"]
[SourceDate "2022.10.05"]
[SourceVersion "1"]
[SourceVersionDate "2022.10.05"]
[SourceQuality "1"]

1. e4 e6 2. d4 d5 3. exd5 exd5 4. Bd3 c5 5. Nf3 Nc6 6. Be3 Qb6 7. dxc5 Bxc5 8. Bxc5 Qxc5 9. c3 Nf6 10. Nbd2 Ng4 11. 0-0 0-0 12. h3 Nf6 13. Qc2 d4 14. cxd4 Nxd4 1-0